00620 2200205 4500001002100000005001700021008004100038035002500079040001200104082001000116084002000126100005100146245006500197260003000262300004500292650002300337850001200360990002100372990002100393INLIS00000000001588620151231090118.0  a0010-121500000000141 aYOPDYOG a338.9 aDEP 338.9 Bad B aBADAN PERENCANAAN PEMBANGUNAN DAERAH (bAPPEDA) aBuku informasi pembangunan DIY dalam bahasa Jawac/ Bappeda. aYogyakartabBAPPEDAc2013 axii, 124 hlm.b: ilus.c; 28 cm [2 eks.] aPembangunan daerah aYOPDYOG aCB-D.112013-2161 aCB-D.112013-2216